000 00533cam a22002171 4500
001 10196302
005 20180224065710.0
008 760220s1942 nyuaf 000 0 eng
010 _a 42013892
035 _a(OCoLC)2002827
040 _aDLC
_cPLF
_dOCoLC
_dDLC
041 _aeng
042 _apremarc
080 _a720.69
082 _a720.69 LES
100 1 _a41
101 _aARK
245 1 0 _aOn being an architect
_c[by] William Lescaze ...
906 _a7
_bcbc
_coclcrpl
_du
_encip
_f19
_gy-gencatlg
942 _2ddc
_cBK
999 _c43367
_d43367